[Event "French Championship 2011"]
[Site "Caen FRA"]
[Date "2011.08.20"]
[Round "7"]
[White "Fressinet, L."]
[Black "Istratescu, A."]
[Result "1/2-1/2"]
[WhiteElo "2698"]
[BlackElo "2645"]
[PlyCount "69"]
[EventDate "2011.08.14"]

1. d4 e6 2. c4 Bb4+ 3. Bd2 a5 4. Nc3 d5 5. e3 Nf6 6. Nf3 O-O 7. Bd3 b6 8. cxd5
exd5 9. O-O Bg4 10. h3 Bh5 11. g4 Bg6 12. Ne5 Bxd3 13. Nxd3 c5 14. a3 Bxc3 15.
bxc3 Nbd7 16. f3 Re8 17. Kg2 h6 18. Rb1 Rc8 19. Rb5 Rc6 20. Qb1 Qc7 21. Nf4 Nf8
22. Qb3 g5 23. Ne2 Ng6 24. Rf2 Rce6 25. dxc5 bxc5 26. c4 d4 27. e4 a4 28. Qd1
d3 29. Nc3 Nh4+ 30. Kh1 Qg3 31. Qg1 Qxh3+ 32. Qh2 Qxh2+ 33. Kxh2 Nd7 34. Kg3
Ng6 35. Nxa4 1/2-1/2

[Event "French Championship 2011"]
[Site "Caen FRA"]
[Date "2011.08.20"]
[Round "7"]
[White "Dorfman, I."]
[Black "Vachier Lagrave, M."]
[Result "1/2-1/2"]
[WhiteElo "2578"]
[BlackElo "2722"]
[PlyCount "38"]
[EventDate "2011.08.14"]

1. Nf3 Nf6 2. c4 g6 3. Nc3 d5 4. cxd5 Nxd5 5. Qc2 Nc6 6. d4 Ndb4 7. Qa4 Bd7 8.
Qd1 e5 9. a3 exd4 10. Nb5 a6 11. Nbxd4 Nxd4 12. Nxd4 Nc6 13. Nf3 Be6 14. Qxd8+
Rxd8 15. Bg5 Be7 16. Bxe7 Kxe7 17. e3 Rd6 18. Rc1 Rhd8 19. Be2 Bf5 1/2-1/2

[Event "French Championship 2011"]
[Site "Caen FRA"]
[Date "2011.08.22"]
[Round "8"]
[White "Hamdouchi, H."]
[Black "Bacrot, E."]
[Result "1/2-1/2"]
[WhiteElo "2628"]
[BlackElo "2710"]
[PlyCount "77"]
[EventDate "2011.08.14"]

1. e4 e5 2. Bc4 Nf6 3. d3 Bc5 4. Nc3 d6 5. Na4 Bb6 6. Nxb6 axb6 7. Ne2 Be6 8.
Ng3 d5 9. Bb3 dxe4 10. Bxe6 fxe6 11. Nxe4 Nxe4 12. dxe4 Qxd1+ 13. Kxd1 Nc6 14.
c3 b5 15. Be3 Na5 16. Kc2 Nc4 17. Bc1 Kf7 18. Rd1 Rhd8 19. Rxd8 Rxd8 20. f3 Ra8
21. b3 Na5 22. Bb2 Nc6 23. Rd1 Ke8 24. a3 Rd8 25. Rxd8+ Kxd8 26. b4 g6 27. Kd3
Nb8 28. c4 bxc4+ 29. Kxc4 Nd7 30. a4 c6 31. Bc1 Kc7 32. Be3 Kd6 33. Bf2 Kc7 34.
Bc5 Nf6 35. Be3 Nd7 36. Bg1 Nf6 37. Bf2 Nd7 38. Bg3 Kd6 39. Bf2 1/2-1/2

[Event "French Championship 2011"]
[Site "Caen FRA"]
[Date "2011.08.22"]
[Round "8"]
[White "Vachier Lagrave, M."]
[Black "Bauer, Ch"]
[Result "1/2-1/2"]
[WhiteElo "2722"]
[BlackElo "2637"]
[PlyCount "66"]
[EventDate "2011.08.14"]

1. e4 c6 2. d4 d5 3. e5 Bf5 4. Nf3 e6 5. Be2 c5 6. Be3 cxd4 7. Nxd4 Ne7 8. Bg5
Qa5+ 9. Nc3 Nbc6 10. Bb5 Qc7 11. O-O Bg6 12. Re1 a6 13. Ba4 Qd7 14. Qd2 h6 15.
Be3 Nc8 16. Nxc6 bxc6 17. Ne2 Rb8 18. Qc3 Bb4 19. Qxc6 Qxc6 20. Bxc6+ Kd8 21.
c3 Ba5 22. b4 Bc7 23. f4 Bb6 24. Nd4 Na7 25. Ba4 Ke7 26. Nb3 Bc2 27. Bxb6 Rxb6
28. Rac1 Bxb3 29. axb3 Rc8 30. Kf2 Nb5 31. c4 dxc4 32. bxc4 Na3 33. b5 Rxc4
1/2-1/2

[Event "French Championship 2011"]
[Site "Caen FRA"]
[Date "2011.08.22"]
[Round "8"]
[White "Shchekachev, A."]
[Black "Fressinet, L."]
[Result "0-1"]
[WhiteElo "2537"]
[BlackElo "2698"]
[PlyCount "77"]
[EventDate "2011.08.14"]

1. e4 c6 2. d4 d5 3. Nc3 dxe4 4. Nxe4 Nf6 5. Nxf6+ gxf6 6. Nf3 Bf5 7. Be2 Nd7
8. O-O e6 9. Bf4 Nb6 10. c4 Be4 11. Rc1 Bg7 12. Qd2 O-O 13. Rfd1 Qe7 14. Qe3
Bg6 15. Bd3 Rad8 16. Bxg6 hxg6 17. h4 Rfe8 18. b3 Nc8 19. Re1 Nd6 20. Rcd1 b5
21. Qc1 bxc4 22. bxc4 Nf5 23. Re2 c5 24. d5 e5 25. Be3 Qc7 26. Qa3 Bf8 27. Bd2
Rc8 28. Qa4 Nd4 29. Re3 e4 30. Ba5 Qf4 31. Nxd4 cxd4 32. Rxd4 Bc5 33. Bc3 Qxh4
34. d6 Rcd8 35. Qd1 Rd7 36. Rd5 Rc8 37. g3 Qh3 38. Bd4 Bxd6 39. Bxf6 0-1

[Event "French Championship 2011"]
[Site "Caen FRA"]
[Date "2011.08.23"]
[Round "9"]
[White "Fressinet, L."]
[Black "Hamdouchi, H."]
[Result "1/2-1/2"]
[WhiteElo "2698"]
[BlackElo "2628"]
[PlyCount "157"]
[EventDate "2011.08.14"]

1. d4 Nf6 2. Nf3 g6 3. c4 Bg7 4. g3 O-O 5. Bg2 d6 6. O-O Nc6 7. Nc3 a6 8. Qd3
e5 9. dxe5 dxe5 10. Qxd8 Rxd8 11. Bg5 Be6 12. Nd2 h6 13. Bxf6 Bxf6 14. Nde4 Be7
15. Nd5 Bxd5 16. cxd5 Nb4 17. Nc3 c6 18. dxc6 Nxc6 19. Nd5 Rd6 20. Rac1 Rad8
21. Nxe7+ Nxe7 22. Bxb7 Rb6 23. Rc7 Nd5 24. Bxd5 Rxd5 25. Rc2 a5 26. b3 a4 27.
bxa4 Rb4 28. Rfc1 Rxa4 29. Rb1 Ra7 30. Kf1 Rda5 31. Rbb2 R7a6 32. Ke1 Kg7 33.
Kd1 Rf6 34. e3 Rfa6 35. Kc1 Kf6 36. Kb1 Kf5 37. Rb4 h5 38. h3 g5 39. Rcb2 Rd6
40. g4+ hxg4 41. hxg4+ Ke6 42. a4 f5 43. Ka2 fxg4 44. Rxg4 Rd3 45. Rc4 Ra6 46.
Kb1 Rd1+ 47. Kc2 Rg1 48. Kb3 g4 49. Ra2 Rg2 50. Rac2 Kf5 51. Kb4 Rg1 52. Ra2
Rb1+ 53. Ka3 Re1 54. Kb4 g3 55. fxg3 Rxe3 56. g4+ Kg5 57. a5 e4 58. Kb5 Ra8 59.
a6 Kxg4 60. Rb4 Kf3 61. a7 Rd3 62. Kc6 e3 63. Kb7 e2 64. Rb1 Rxa7+ 65. Kxa7 Re3
66. Raa1 Kf2 67. Rb2 Kf3 68. Re1 Kf2 69. Rc1 Kf3 70. Rbb1 Kf2 71. Rc2 Kf3 72.
Re1 Kf2 73. Rcc1 Re8 74. Kb7 Re3 75. Kb6 Re8 76. Ra1 Re3 77. Kc6 Re8 78. Kd6
Re3 79. Rxe2+ 1/2-1/2

[Event "French Championship 2011"]
[Site "Caen FRA"]
[Date "2011.08.23"]
[Round "9"]
[White "Feller, S."]
[Black "Vachier Lagrave, M."]
[Result "1/2-1/2"]
[WhiteElo "2666"]
[BlackElo "2722"]
[PlyCount "72"]
[EventDate "2011.08.14"]

1. d4 Nf6 2. c4 b6 3. Nf3 Bb7 4. g3 g6 5. Bg2 Bg7 6. O-O O-O 7. Nc3 Ne4 8. Nxe4
Bxe4 9. d5 Na6 10. Bh3 Bxf3 11. exf3 e6 12. Rb1 c6 13. Bf4 cxd5 14. cxd5 Rc8
15. Re1 Re8 16. Bd6 Nc7 17. dxe6 dxe6 18. f4 Nd5 19. Be5 Bxe5 20. Rxe5 Nb4 21.
Re4 Qxd1+ 22. Rxd1 Nd5 23. Re2 Nf6 24. Red2 h5 25. Bg2 Rc5 26. Bf3 Kg7 27. h4
Rec8 28. Kf1 Kf8 29. a3 Ke7 30. Ke2 R8c7 31. Rd3 a5 32. Rb3 b5 33. Ke1 Ne8 34.
Rbd3 Ng7 35. Be4 Nf5 36. Bxf5 Rxf5 1/2-1/2

[Event "French Championship 2011"]
[Site "Caen FRA"]
[Date "2011.08.23"]
[Round "9"]
[White "Bacrot, E."]
[Black "Edouard, R."]
[Result "1-0"]
[WhiteElo "2710"]
[BlackElo "2587"]
[PlyCount "57"]
[EventDate "2011.08.14"]

1. d4 d5 2. Nf3 Nf6 3. c4 dxc4 4. e3 e6 5. Bxc4 a6 6. O-O c5 7. Bb3 Nc6 8. Nc3
cxd4 9. exd4 Be7 10. Bg5 O-O 11. Qd2 Bd7 12. Rad1 Na5 13. Bc2 Nc4 14. Qe2 Rc8
15. Bb3 b5 16. Ne5 Nb6 17. Rfe1 h6 18. Bxh6 gxh6 19. Rd3 Kh8 20. Qd2 Ng8 21. d5
Nc4 22. Bxc4 bxc4 23. Rd4 Bc5 24. dxe6 Bxd4 25. Qxd4 Qf6 26. exd7 Rcd8 27. Re3
Ne7 28. Rf3 Nc6 29. Nxf7+ 1-0

[Event "French Championship 2011"]
[Site "Caen FRA"]
[Date "2011.08.24"]
[Round "10"]
[White "Le Roux, JP."]
[Black "Bacrot, E."]
[Result "1/2-1/2"]
[WhiteElo "2517"]
[BlackElo "2710"]
[PlyCount "70"]
[EventDate "2011.08.14"]

1. e4 e5 2. Nf3 Nc6 3. d4 exd4 4. Nxd4 Nf6 5. Nc3 Bb4 6. Nxc6 bxc6 7. Bd3 O-O
8. O-O d5 9. exd5 cxd5 10. Bg5 c6 11. Qf3 Be7 12. h3 h6 13. Bf4 Bd6 14. Rfe1
Rb8 15. Na4 Be6 16. Bxd6 Qxd6 17. Qe3 Nd7 18. b3 c5 19. Rad1 Rfe8 20. Qd2 Qc7
21. Be2 Nf6 22. Bf3 Red8 23. Qc1 Rbc8 24. Re2 d4 25. c4 Nh7 26. Nb2 Ng5 27. Bg4
Bxg4 28. hxg4 Re8 29. Rde1 Qd7 30. Qf4 Rxe2 31. Rxe2 Re8 32. Rxe8+ Qxe8 33. Kf1
Qd8 34. Qf5 Qd7 35. Kg1 Qc6 1/2-1/2

[Event "French Championship 2011"]
[Site "Caen FRA"]
[Date "2011.08.24"]
[Round "10"]
[White "Vachier Lagrave, M."]
[Black "Bricard, E."]
[Result "1-0"]
[WhiteElo "2722"]
[BlackElo "2502"]
[PlyCount "155"]
[EventDate "2011.08.14"]

1. e4 Nc6 2. Nf3 d6 3. Nc3 g6 4. d4 Bg7 5. d5 Nb8 6. Bc4 Bg4 7. h3 Bxf3 8. Qxf3
Nf6 9. Bf4 O-O 10. O-O c6 11. Rad1 Nbd7 12. Qe2 Qa5 13. Rfe1 Rac8 14. Bb3 Rfe8
15. dxc6 bxc6 16. Bd2 Qc7 17. Be3 Nb6 18. a4 a5 19. f4 e6 20. Qf2 Nfd7 21. f5
exf5 22. exf5 d5 23. Rf1 gxf5 24. Kh1 Rb8 25. Bf4 Be5 26. Bc1 Qd6 27. Rd3 Nc5
28. Rf3 Nxb3 29. cxb3 Nd7 30. Ne2 Kh8 31. Rxf5 f6 32. Rh5 Rxb3 33. Nd4 Bxd4 34.
Qc2 Qe7 35. Qxb3 Qe2 36. Qd1 Nc5 37. Rh4 Qxd1 38. Rxd1 Be5 39. Bf4 Bxb2 40. Bc7
Ne4 41. Rb1 Bc3 42. Rb6 c5 43. Bf4 Re7 44. Rb8+ Kg7 45. Rd8 d4 46. Kh2 Ng5 47.
Bd6 Re4 48. Rh5 c4 49. g4 d3 50. Rd7+ Kg8 51. h4 Re2+ 52. Kg3 Ne4+ 53. Kf3 Nxd6
54. Rxd6 Re7 55. Rc5 Bb4 56. Rd8+ Kf7 57. Rxc4 d2 58. Re4 Rc7 59. h5 Rc1 60.
Rd7+ Kf8 61. Red4 h6 62. Ke4 Rf1 63. Rxd2 Bxd2 64. Rxd2 Ra1 65. Rd4 Kf7 66. Kd5
Rf1 67. Kc6 f5 68. gxf5 Rxf5 69. Rd5 Rf4 70. Rxa5 Rh4 71. Ra7+ Kf6 72. a5 Rxh5
73. a6 Ra5 74. Kb6 Ra1 75. Rc7 h5 76. Rc5 Kg6 77. a7 h4 78. Ra5 1-0

[Event "French Championship 2011"]
[Site "Caen FRA"]
[Date "2011.08.24"]
[Round "10"]
[White "Fressinet, L."]
[Black "Dorfman, I."]
[Result "1-0"]
[WhiteElo "2698"]
[BlackElo "2578"]
[PlyCount "167"]
[EventDate "2011.08.14"]

1. e4 c5 2. c3 e6 3. d4 d5 4. e5 Nc6 5. Nf3 Nge7 6. Na3 cxd4 7. cxd4 Nf5 8. Nc2
Nh4 9. Nxh4 Qxh4 10. Be2 Bd7 11. O-O g6 12. f4 h5 13. Bd2 Qd8 14. Bc3 Ne7 15.
Qd2 Nf5 16. Ba5 b6 17. Bb4 Bxb4 18. Qxb4 Qe7 19. Qd2 O-O 20. Rfc1 a5 21. Bd3
Rfc8 22. g3 Ng7 23. Ne3 Rxc1+ 24. Rxc1 Rc8 25. Rc3 Rxc3 26. Qxc3 Qe8 27. Qc7
Bb5 28. Bc2 Qc6 29. Qxc6 Bxc6 30. Kg2 Ne8 31. g4 hxg4 32. Nxg4 Kf8 33. Kf2 Ke7
34. h4 Bb5 35. Ne3 Ng7 36. Kf3 Nh5 37. a3 Ba6 38. Nd1 Bf1 39. Nc3 Kd8 40. Kf2
Bc4 41. b3 Ba6 42. Kf3 Bf1 43. Kg4 Ke7 44. f5 exf5+ 45. Bxf5 Bg2 46. Bd3 Ng7
47. Kg3 Bh1 48. Kf4 Ne6+ 49. Ke3 Kd8 50. Bf1 Ng7 51. Bd3 Bg2 52. Kf2 Bh1 53.
Nb5 Ke7 54. Nc3 Kd8 55. b4 axb4 56. axb4 Kd7 57. Bf1 Ke7 58. Bh3 f6 59. exf6+
Kxf6 60. Na4 Ne8 61. Nxb6 Nd6 62. Nd7+ Ke7 63. Ne5 Be4 64. Ke3 Kf6 65. Nd7+ Ke7
66. Nc5 Bf5 67. Bg2 Bc8 68. Kf4 Nf5 69. Bh3 Nd6 70. Bxc8 Nxc8 71. Ke5 Nd6 72.
Kxd5 Nf5 73. b5 Kd8 74. b6 Kc8 75. Ke5 Nxh4 76. d5 Nf3+ 77. Kf6 Nd4 78. Kxg6
Nb5 79. Kf6 Nd6 80. Ke6 Nc4 81. Na4 Kb7 82. d6 Na5 83. d7 Nc6 84. Kd6 1-0

[Event "French Championship 2011"]
[Site "Caen FRA"]
[Date "2011.08.25"]
[Round "11"]
[White "Bacrot, E."]
[Black "Vachier Lagrave, M."]
[Result "1/2-1/2"]
[WhiteElo "2710"]
[BlackElo "2722"]
[PlyCount "69"]
[EventDate "2011.08.14"]

1. d4 Nf6 2. c4 g6 3. Nc3 d5 4. cxd5 Nxd5 5. Bd2 Bg7 6. e4 Nb6 7. Be3 O-O 8.
Bb5 Be6 9. Nf3 N8d7 10. Be2 c5 11. dxc5 Nc4 12. Bxc4 Bxc4 13. Bd4 e5 14. Be3
Rc8 15. b3 Be6 16. b4 f5 17. Bg5 Qe8 18. Nb5 fxe4 19. Nd6 exf3 20. g3 e4 21.
Nxe8 Rcxe8 22. O-O Bxa1 23. Qxa1 Bc4 24. Rc1 Bd3 25. Qd4 Ne5 26. b5 Bxb5 27.
Qxe4 Nd3 28. Qd5+ Rf7 29. Rb1 Nxf2 30. Rxb5 Ng4 31. Rb1 Re2 32. Qd8+ Rf8 33.
Qd5+ Rf7 34. Qd8+ Rf8 35. Qd5+ 1/2-1/2

[Event "Corsica Masters 2011"]
[Site "?"]
[Date "2011.10.22"]
[Round "1"]
[White "Angelov, Zvetomir"]
[Black "Fressinet, Fressinet"]
[Result "0-1"]
[WhiteElo "2122"]
[BlackElo "2696"]
[PlyCount "70"]
[EventDate "2011.??.??"]
[SourceDate "2011.10.28"]

1. c4 e5 2. Nc3 Nf6 3. Nf3 Nc6 4. g3 d5 5. cxd5 Nxd5 6. d3 Nb6 7. Bg2 Be7 8.
O-O O-O 9. Be3 Be6 10. Ne4 Qd7 11. Nc5 Bxc5 12. Bxc5 Rfe8 13. b4 Bh3 14. Bxh3
Qxh3 15. b5 Nd8 16. Qb3 Qd7 17. a4 Nd5 18. Ng5 h6 19. Ne4 Ne6 20. Be3 b6 21. a5
f5 22. Nc3 Nxc3 23. Qxc3 f4 24. Bc1 Qxb5 25. gxf4 Nd4 26. Re1 Qd7 27. Qc4+ Kh8
28. Be3 b5 29. Qc3 Qg4+ 30. Kh1 Nxe2 31. Qc6 exf4 32. Bd4 f3 33. Qxh6+ Kg8 34.
Rg1 Nxg1 35. Rxg1 Qxg1+ 0-1

[Event "Corsica Masters 2011"]
[Site "?"]
[Date "2011.10.23"]
[Round "2"]
[White "Fressinet, Laurent"]
[Black "Giroyan, Gary"]
[Result "1-0"]
[WhiteElo "2696"]
[BlackElo "2318"]
[PlyCount "69"]
[EventDate "2011.??.??"]
[SourceDate "2011.10.28"]

1. d4 Nf6 2. Nf3 g6 3. c4 Bg7 4. g3 d5 5. cxd5 Nxd5 6. Bg2 Nb6 7. Nc3 Nc6 8. e3
O-O 9. O-O Re8 10. d5 Na5 11. Nd4 e6 12. dxe6 Bxe6 13. Nxe6 Rxe6 14. Qc2 Qe7
15. Rd1 Qc5 16. Bd2 c6 17. Rac1 Nac4 18. Be1 Qh5 19. b3 Ne5 20. Ne4 h6 21. Nc5
Re7 22. e4 Rae8 23. Bb4 Nf3+ 24. Bxf3 Qxf3 25. Rd3 Qg4 26. Rcd1 Nd5 27. Bd2 Nc7
28. f3 Qh5 29. Bb4 b6 30. Nd7 c5 31. Bc3 Rxd7 32. Rxd7 Ne6 33. Bxg7 Kxg7 34.
Qc3+ Nd4 35. Rd3 1-0

[Event "Corsica Masters 2011"]
[Site "?"]
[Date "2011.10.24"]
[Round "3"]
[White "Baron, Tal"]
[Black "Fressinet, Laurent"]
[Result "0-1"]
[WhiteElo "2505"]
[BlackElo "2696"]
[PlyCount "126"]
[EventDate "2011.??.??"]
[SourceDate "2011.10.28"]

1. e4 e5 2. Nf3 Nc6 3. Bb5 Nf6 4. O-O Nxe4 5. Re1 Nd6 6. Nxe5 Be7 7. Bf1 Nf5 8.
c3 O-O 9. d4 Nxe5 10. Rxe5 g6 11. Qf3 d6 12. Re1 d5 13. Bf4 Be6 14. Nd2 Qd7 15.
Bd3 Ng7 16. Nf1 c6 17. h3 Rfe8 18. Re2 Bf5 19. Bxf5 Nxf5 20. Rae1 Bf8 21. Ne3
Nxe3 22. Rxe3 f6 23. Bg3 Rxe3 24. Rxe3 Bg7 25. Qf4 Kf7 26. Kf1 h6 27. f3 Bf8
28. Qc7 Qxc7 29. Bxc7 Rc8 30. Bh2 a5 31. Ke2 a4 32. Kd3 h5 33. Re2 b5 34. Bf4
h4 35. Re1 g5 36. Bh2 Be7 37. Re2 Bf8 38. Re1 Kg6 39. f4 Bh6 40. fxg5 Bxg5 41.
Re7 Kf5 42. Ke2 Bc1 43. b3 axb3 44. axb3 Ra8 45. Bd6 Ra2+ 46. Kf3 Rc2 47. Bb4
Bf4 48. Re8 Bg3 49. Re2 Rc1 50. Ke3 Bf4+ 51. Kf3 Rf1+ 52. Rf2 Rb1 53. Ra2 Rxb3
54. Ra6 Bd2 55. Rxc6 Bxc3 56. Rxc3 Rxb4 57. Ke3 Rc4 58. Ra3 b4 59. Ra5 Rc3+ 60.
Kd2 Ke4 61. Rb5 Rg3 62. Rxb4 Rxg2+ 63. Ke1 Rg3 0-1

[Event "Corsica Masters 2011"]
[Site "?"]
[Date "2011.10.24"]
[Round "4"]
[White "Fressinet, Laurent"]
[Black "Melkumyan, Hrant"]
[Result "1/2-1/2"]
[WhiteElo "2696"]
[BlackElo "2619"]
[PlyCount "130"]
[EventDate "2011.??.??"]
[SourceDate "2011.10.28"]

1. e4 e5 2. Nf3 Nc6 3. Bc4 Bc5 4. O-O d6 5. c3 Nf6 6. d3 a6 7. Bb3 h6 8. Re1
O-O 9. h3 Re8 10. Nbd2 Be6 11. Nf1 d5 12. Bd2 Qd7 13. N3h2 dxe4 14. dxe4 Bxb3
15. axb3 Rad8 16. b4 Bf8 17. Ng4 Re6 18. Qf3 Nxg4 19. Qxg4 Qd3 20. Qe2 Qc2 21.
Rab1 Red6 22. Rec1 Qd3 23. Qxd3 Rxd3 24. Be3 b6 25. Nh2 a5 26. Nf3 f6 27. Ra1
R3d7 28. b5 Na7 29. c4 Nc8 30. c5 Bxc5 31. Bxc5 bxc5 32. Rxc5 Rd1+ 33. Rxd1
Rxd1+ 34. Kh2 Rd7 35. Nh4 Kf7 36. Nf5 Nd6 37. f3 Nxf5 38. exf5 g6 39. fxg6+
Kxg6 40. Rc6 h5 41. b6 cxb6 42. Rxb6 Rd4 43. Rb5 a4 44. b3 axb3 45. Rxb3 h4 46.
Rb6 Kg5 47. Re6 Ra4 48. Rb6 f5 49. Rb8 Kf4 50. Rf8 Rb4 51. Kg1 Rb7 52. Kf2 Rb1
53. Rf7 Rb2+ 54. Kg1 Rb8 55. Kf2 Ra8 56. Kg1 Ra1+ 57. Kf2 Ra2+ 58. Kg1 Kg5 59.
Rg7+ Kf6 60. Rh7 Ra4 61. Kf2 Ra2+ 62. Kg1 Kg5 63. Rg7+ Kf4 64. Rf7 Ra1+ 65. Kf2
Ra2+ 1/2-1/2

[Event "Corsica Masters 2011"]
[Site "?"]
[Date "2011.10.25"]
[Round "5"]
[White "Tregubov, Pavel"]
[Black "Fressinet, Laurent"]
[Result "0-1"]
[WhiteElo "2602"]
[BlackElo "2696"]
[PlyCount "98"]
[EventDate "2011.??.??"]
[SourceDate "2011.10.28"]

1. d4 e6 2. c4 Bb4+ 3. Bd2 a5 4. Nf3 d6 5. g3 Nc6 6. Bg2 e5 7. d5 Nce7 8. O-O
Nf6 9. Nc3 O-O 10. a3 Bc5 11. Ne1 Bf5 12. Bg5 Nd7 13. Nd3 Ba7 14. e4 Bg6 15.
Nb5 Bb6 16. b4 h6 17. Bd2 f5 18. bxa5 Bxa5 19. Bxa5 Rxa5 20. f3 Nf6 21. Qe1 Ra4
22. Nb4 fxe4 23. fxe4 c5 24. dxc6 bxc6 25. Nc3 Ra8 26. Nd3 Bf7 27. c5 dxc5 28.
Rxf6 gxf6 29. Nf2 Be6 30. a4 Qa5 31. Rc1 Rab8 32. Qd2 Rb3 33. Qd6 Kf7 34. Bf3
Rxc3 35. Bh5+ Ng6 36. Bxg6+ Kxg6 37. Rxc3 Qxc3 38. Qxf8 c4 39. Qe8+ Bf7 40.
Qxc6 Qd2 41. h3 h5 42. g4 h4 43. g5 Qxg5+ 44. Kf1 Qc1+ 45. Ke2 Qc2+ 46. Kf3
Qb3+ 47. Kg2 c3 48. a5 c2 49. a6 Bc4 0-1

[Event "Corsica Masters 2011"]
[Site "?"]
[Date "2011.10.26"]
[Round "6"]
[White "Fressinet, Laurent"]
[Black "Cheparinov, Ivan"]
[Result "1/2-1/2"]
[WhiteElo "2696"]
[BlackElo "2650"]
[PlyCount "114"]
[EventDate "2011.??.??"]
[SourceDate "2011.10.28"]

1. d4 Nf6 2. Nf3 g6 3. c4 Bg7 4. g3 O-O 5. Bg2 d5 6. cxd5 Nxd5 7. O-O Nb6 8.
Nc3 Nc6 9. d5 Na5 10. e4 c6 11. Re1 Re8 12. Bf4 cxd5 13. Nxd5 e5 14. Bd2 Nxd5
15. exd5 Nc4 16. Bc3 Bg4 17. Qb3 Bxf3 18. Qxc4 Bxg2 19. Kxg2 Qd7 20. Rad1 Rac8
21. Qb3 Rcd8 22. Re4 h5 23. h4 b6 24. Rc4 Qf5 25. Rc7 Bf8 26. Qc4 Bc5 27. Qe2
e4 28. b4 Bf8 29. Qe3 Rxd5 30. Rxd5 Qxd5 31. Rxa7 b5 32. a4 bxa4 33. Rxa4 Rc8
34. Qd4 Qxd4 35. Bxd4 Rb8 36. Bc5 Bxc5 37. bxc5 Rc8 38. Rc4 Kg7 39. Kf1 Kf6 40.
Ke2 Ke5 41. Ke3 Kd5 42. Rxe4 Rxc5 43. Re7 Kd6 44. Rxf7 Ke6 45. Rf3 Ra5 46. Rf4
Ra3+ 47. Ke2 Ra2+ 48. Kf1 Ra1+ 49. Kg2 Ra3 50. f3 Ke5 51. Rf8 Ra2+ 52. Kh3 Rf2
53. Rf7 Ke6 54. Rf8 Ke5 55. Rf7 Ke6 56. Rf8 Ke5 57. Rf7 Ke6 1/2-1/2

[Event "Corsica Masters 2011"]
[Site "?"]
[Date "2011.10.26"]
[Round "7"]
[White "Sasikiran, Krishnan"]
[Black "Fressinet, Laurent"]
[Result "1-0"]
[WhiteElo "2689"]
[BlackElo "2696"]
[PlyCount "79"]
[EventDate "2011.??.??"]
[SourceDate "2011.10.28"]

1. d4 d5 2. c4 c6 3. Nf3 Nf6 4. Nc3 e6 5. e3 Nbd7 6. Qc2 Bd6 7. Bd3 O-O 8. O-O
dxc4 9. Bxc4 a6 10. Rd1 b5 11. Bf1 Qc7 12. e4 e5 13. Ne2 Bb7 14. dxe5 Nxe5 15.
Nxe5 Bxe5 16. g3 c5 17. f3 c4 18. Be3 Rad8 19. a4 Bd6 20. axb5 Bc5 21. Nd4 axb5
22. Qf2 Qe5 23. Nc6 Bxe3 24. Nxe5 Bxf2+ 25. Kxf2 Rxd1 26. Rxd1 Ra8 27. Rd6 Re8
28. Nd7 Nxd7 29. Rxd7 Ba8 30. Rc7 g6 31. Bh3 Kg7 32. Ke3 Kf6 33. Kd4 g5 34. Bg4
Kg6 35. Rc8 Rxc8 36. Bxc8 Kf6 37. Bd7 b4 38. Kxc4 Ke5 39. Kxb4 Kd4 40. Kb5 1-0

[Event "Corsica Masters 2011"]
[Site "?"]
[Date "2011.10.27"]
[Round "8"]
[White "Fressinet, Laurent"]
[Black "Mullon, Jean-Baptiste"]
[Result "1/2-1/2"]
[WhiteElo "2696"]
[BlackElo "2379"]
[PlyCount "132"]
[EventDate "2011.??.??"]
[SourceDate "2011.10.28"]

1. d4 Nf6 2. Nf3 e6 3. g3 b6 4. Bg2 Bb7 5. c4 Be7 6. Nc3 Ne4 7. Bd2 Nxc3 8.
Bxc3 Be4 9. O-O O-O 10. Ne5 Bxg2 11. Kxg2 d6 12. Nf3 d5 13. Qd3 c6 14. e4 Qc8
15. Rfe1 Rd8 16. h4 dxc4 17. Qxc4 Qa6 18. Qb3 Nd7 19. Qc2 Rac8 20. Rad1 Nf8 21.
h5 h6 22. Ne5 Nd7 23. Nd3 Nf6 24. Nf4 Rd7 25. b4 Qc4 26. Qb3 Qxb3 27. axb3 Ne8
28. Nd3 Nd6 29. Bb2 Nb5 30. Rc1 Bf6 31. e5 Be7 32. Rc4 Rcd8 33. Re4 Rd5 34. Kf1
Nc7 35. Rxc6 R8d7 36. Bc3 Rb5 37. Bd2 Nd5 38. Rc8+ Rd8 39. Rxd8+ Bxd8 40. Re1
Be7 41. Ra1 Bxb4 42. Nxb4 Nxb4 43. Bxb4 Rxb4 44. Rxa7 Rxd4 45. Ra8+ Kh7 46. Rf8
Re4 47. f4 Re3 48. Kf2 Rxb3 49. Rxf7 Rb2+ 50. Kf3 Rc2 51. Rb7 Rc3+ 52. Kg4 Rc6
53. Rb8 b5 54. Kh4 b4 55. Rxb4 Kg8 56. Rb8+ Kf7 57. Rb7+ Kf8 58. Rd7 Rc4 59.
Kg4 Ra4 60. Rd3 Kf7 61. Rb3 Rc4 62. Kf3 Rc7 63. g4 Rc4 64. g5 hxg5 65. fxg5 Rh4
66. g6+ Kf8 1/2-1/2

[Event "Corsica Masters 2011 (blitz)"]
[Site "?"]
[Date "2011.10.31"]
[Round "1"]
[White "Anand, Viswanathan"]
[Black "Mamedyarov, Shakhriyar"]
[Result "1-0"]
[WhiteElo "2817"]
[BlackElo "2746"]
[PlyCount "85"]
[EventDate "2011.10.28"]

1. d4 Nf6 2. c4 g6 3. f3 d5 4. cxd5 Nxd5 5. e4 Nb6 6. Nc3 Bg7 7. Be3 O-O 8. Qd2
Nc6 9. O-O-O Qd6 10. Kb1 Rd8 11. Nb5 Qd7 12. d5 Ne5 13. Qc2 c6 14. Nxa7 Rxa7
15. Bxb6 Ra8 16. Ne2 Re8 17. Nc3 Qd6 18. Be3 Bd7 19. dxc6 Qxc6 20. Bb5 Qe6 21.
Bxd7 Nxd7 22. Qb3 Qxb3 23. axb3 Ne5 24. Nd5 Rac8 25. Rd2 e6 26. Nb6 Rcd8 27.
Rhd1 Rxd2 28. Rxd2 f5 29. Nc4 fxe4 30. fxe4 Rf8 31. h3 Rf1+ 32. Kc2 Nc6 33. Rd1
Rf7 34. Rd6 Re7 35. Bc5 Rf7 36. Rxe6 Bd4 37. Rxc6 Rf2+ 38. Kd3 bxc6 39. Bxd4
Rxg2 40. Ne5 Rg3+ 41. Kc4 Rxh3 42. Nxc6 h5 43. b4 1-0

[Event "18th European Teams"]
[Site "Porto Carras GRE"]
[Date "2011.11.04"]
[Round "2"]
[White "Ivanisevic, Ivan"]
[Black "Vallejo Pons, Francisco"]
[Result "1/2-1/2"]
[WhiteElo "2636"]
[BlackElo "2705"]
[PlyCount "60"]
[EventDate "2011.11.03"]
[WhiteTeam "Serbia"]
[BlackTeam "Spain"]

1. d4 e6 2. e4 d5 3. Nc3 Bb4 4. exd5 exd5 5. Bd3 Nf6 6. Bg5 O-O 7. Nge2 Re8 8.
O-O c6 9. Ng3 h6 10. Bf4 Bg4 11. Qd2 Nbd7 12. a3 Bf8 13. h3 Be6 14. b3 a6 15.
Be3 Rc8 16. f4 Nb8 17. f5 Bd7 18. Kh1 c5 19. dxc5 Bxc5 20. Bxc5 Rxc5 21. Nge2
Qc8 22. Rf4 d4 23. Rxd4 Bxf5 24. Bxf5 Rxf5 25. Rf4 Rxf4 26. Nxf4 Qf5 27. Nfd5
Nbd7 28. Rd1 Nc5 29. Nxf6+ Qxf6 30. b4 Ne6 1/2-1/2

[Event "18th European Teams"]
[Site "Porto Carras GRE"]
[Date "2011.11.07"]
[Round "5"]
[White "Hansen, Sune Berg"]
[Black "Aronian, Levon"]
[Result "0-1"]
[WhiteElo "2566"]
[BlackElo "2802"]
[PlyCount "78"]
[EventDate "2011.11.03"]
[WhiteTeam "Denmark"]
[BlackTeam "Armenia"]
[WhiteTeamCountry "DEN"]
[BlackTeamCountry "ARM"]

1. e4 e5 2. Nf3 Nc6 3. Bc4 Bc5 4. c3 Nf6 5. d3 a6 6. Bb3 d6 7. O-O O-O 8. Bg5
Ba7 9. Nbd2 Kh8 10. h3 h6 11. Be3 Bxe3 12. fxe3 Ne7 13. Nh4 Ng6 14. Qe1 a5 15.
a4 c6 16. d4 Bd7 17. Qg3 Kh7 18. Nf5 Be6 19. Bc2 Ne8 20. Rf2 f6 21. Qf3 Nh8 22.
Raf1 Qb6 23. b3 Qc7 24. g4 b5 25. h4 bxa4 26. bxa4 Qd8 27. Qg3 g6 28. g5 gxf5
29. exf5 Bc8 30. dxe5 dxe5 31. Ne4 Ra7 32. Qg4 Qb6 33. Kh1 Ba6 34. Qh5 Rg7 35.
Rg1 Nf7 36. g6+ Kh8 37. gxf7 Qxe3 38. fxe8=Q Qh3+ 39. Rh2 Rxg1+ 0-1

[Event "18th European Teams"]
[Site "Porto Carras GRE"]
[Date "2011.11.08"]
[Round "6"]
[White "Fressinet, Laurent"]
[Black "Delchev, Aleksander"]
[Result "1/2-1/2"]
[WhiteElo "2700"]
[BlackElo "2629"]
[PlyCount "107"]
[EventDate "2011.11.03"]
[WhiteTeam "France"]
[BlackTeam "Bulgaria"]
[WhiteTeamCountry "FRA"]
[BlackTeamCountry "BUL"]

1. d4 d5 2. c4 dxc4 3. e4 Nc6 4. Nf3 Bg4 5. d5 Ne5 6. Bf4 Ng6 7. Be3 Nf6 8.
Nbd2 e6 9. Qa4+ Qd7 10. Qxd7+ Kxd7 11. Bxc4 exd5 12. exd5 Bxf3 13. Nxf3 Bb4+
14. Ke2 Ng4 15. Bb5+ Ke7 16. Rhc1 Bd6 17. Bd4 a6 18. Ba4 b5 19. Bb3 Rhe8 20.
Kf1 Kf8 21. a4 Rab8 22. axb5 axb5 23. Ra7 N4e5 24. Nd2 Nd3 25. Rd1 Re7 26. g3
Bc5 27. Bxc5 Nxc5 28. Rc1 Nxb3 29. Nxb3 Rd8 30. Rc5 b4 31. Nd4 c6 32. Nxc6 Rxa7
33. Nxa7 Ne7 34. Rb5 Nxd5 35. Nc6 Rc8 36. Ne5 Rd8 37. Rb7 f6 38. Nd7+ Ke7 39.
Nb6+ Kf8 40. Nd7+ Ke7 41. Nb6+ Kf8 42. Nxd5 Rxd5 43. Rxb4 Rd2 44. Rb7 h5 45.
Ke1 Rc2 46. b4 Rb2 47. b5 Kg8 48. b6 Kh7 49. Rb8 Kg6 50. Kd1 Rxf2 51. Kc1 Rf5
52. Kc2 Rb5 53. Kc3 Kf5 54. Kc4 1/2-1/2